| 000 | 00999nas a2200337 4500 | ||
|---|---|---|---|
| 001 | BR0900376 | ||
| 003 | BR-BrBNA | ||
| 005 | 20231205113010.0 | ||
| 007 | ta | ||
| 008 | 230509b bl.|||p| |||| 00| 00por d | ||
| 040 |
_aBR-BrBNA _bpor _cBiblioteca Nacional de Agricultura |
||
| 041 | _a(En) | ||
| 072 | _aH50; F04 | ||
| 100 | 1 | _aFerri, V.C. | |
| 100 | 1 | _aRombaldi, C.V. | |
| 100 | 1 | _aSilva, J.A. | |
| 100 | 1 | _aPegoraro, C. | |
| 100 | 1 | _aNora, L. | |
| 100 | 1 | _aAntunes, P.L. | |
| 100 | 1 | _aGirardi, C.L. | |
| 100 | 1 | _aTibola, C.S. | |
| 245 | 1 | _aBoron and calcium sprayed on "Fuyu" persimmon tree preventt skin cracks, groove and browning of fruit during cold storage | |
| 650 | _aMICROELEMENTO | ||
| 650 | _aMACROELEMNTO | ||
| 650 | _aPÓS-COLHEITA | ||
| 650 | _aDISTÚRBIO VEGETAL | ||
| 650 | _aCAQUI | ||
| 773 | 0 |
_tCiência Rural (Brazil) _xISSN 0103-8478 _g(Nov 2008), v. 38(8) p. 2146-2150 _wBR0900376 |
|
| 909 |
_a202311 _bLúcia _c55 _dLúcia Elande |
||
| 942 |
_2AGRIS _n0 _cANA |
||
| 999 |
_c201251 _d201251 |
||